| 000 | 00852cam a2200265 a 4500 | ||
|---|---|---|---|
| 001 | k 67000264 | ||
| 003 | DLC | ||
| 005 | 20260227111525.0 | ||
| 008 | 000302s1955 ko 000 0 kor c | ||
| 010 | _ak 67000264 | ||
| 035 | _a(CStRLIN)DCLP00-B3034 | ||
| 040 |
_aUPRA _cUPRA _dDLC-R _dDLC |
||
| 042 | _alccopycat | ||
| 050 | 0 | 0 |
_aPL992.415.C5 _bS57 1955 |
| 066 | _c$1 | ||
| 100 | 1 |
_6880-01 _aKim, Chong-mun, _d1919- |
|
| 245 | 1 | 0 |
_6880-02 _aSisa sidae : _bsijip / _cKim Chong-mun. |
| 250 |
_6880-03 _aChʻopʻan. |
||
| 260 |
_6880-04 _aSŏul Tʻŭkpyŏlsi : _bPomunʼgak, _cTanʼgi 4288 [1955] |
||
| 300 |
_a55 p. ; _c21 cm. |
||
| 880 | 1 |
_6100-01/$1 _a金 宗文, _d1919- |
|
| 880 | 1 | 0 |
_6245-02/$1 _a詩史 時代 : _b詩集 / _c金 宗文. |
| 880 |
_6250-03/$1 _a初版. |
||
| 880 |
_6260-04/$1 _a서울 特別市 : _b普文閣, _c檀紀 4288 [1955] |
||
| 999 |
_c35396 _d35396 |
||